English Unlimited: Intermediate. Course Book with e-Portfolio. B1 Plus
Guardat en:
| Autors principals: | , , , |
|---|---|
| Format: | Llibre |
| Idioma: | anglès |
| Publicat: |
Cambridge
Cambridge University Press
2011
|
| Edició: | 1a. ed |
| Matèries: | |
| Etiquetes: |
Afegir etiqueta
Sense etiquetes, Sigues el primer a etiquetar aquest registre!
|
MARC
| LEADER | 00000cam a2200000 a 4500 | ||
|---|---|---|---|
| 001 | UCG9140 | ||
| 003 | CL-VaPUC | ||
| 008 | 120120e20110000UK |||||||||||||||||eng|d | ||
| 020 | |a 9780521739894 | ||
| 082 | 0 | 4 | |a 428 |b REA |2 21 |
| 100 | 0 | |a Rea, David |e author |9 560558 | |
| 700 | 0 | |a Clementson, Theresa |e author |9 560559 | |
| 700 | 0 | |a Tilbury, Alex |e author |9 560560 | |
| 700 | 0 | |a Hendra, Leslie Anne |e author |9 560561 | |
| 245 | 1 | 0 | |a English Unlimited: Intermediate. Course Book with e-Portfolio. B1 Plus |
| 250 | |a 1a. ed | ||
| 300 | |a 165 p | ||
| 942 | |c BK | ||
| 945 | |d 20120120 00:00:00 |a dcastane | ||
| 260 | |a Cambridge |b Cambridge University Press |c 2011 | ||
| 500 | |a Incluye DVD con material complementario | ||
| 650 | 0 | |a Educación lingüística |9 306506 | |
| 650 | 0 | |a Enseñanza del inglés |9 367340 | |
| 650 | 0 | |a Inglés |9 260023 | |
| 650 | 0 | |a Métodos de enseñanza |9 270413 | |
| 583 | |a last modification |c 20120120 10:38:00 |k Rodrigo Vera | ||
| 999 | |c 346707 |d 346705 | ||
| 952 | |0 0 |1 0 |4 0 |6 428_000000000000000_REA_2011 |7 0 |8 ? |9 447515 |a FDOILP |b FDOILP |d 2019-11-22 |i 4840453 |o 428 REA 2011 |p 4840453 |r 2019-11-22 |w 2019-11-22 |y BK |k ILP | ||